000 01126nam a2200337 a 4500
001 1178627
003 OSt
005 20230622145737.0
008 961114s1996 ke a bs 000 0 eng
010 _a 96981065
020 _a9966900632
040 _aDLC
_cDLC
042 _alcode
043 _af-nr---
082 _a330
_bEKP
100 1 _aEkpo, Akpan Hogan.
245 1 0 _aFiscal operations in a depressed economy :
_bNigeria, 1960-90 /
_cAkpan H. Ekpo and John E. Udo Ndebbio.
260 _aNairobi :
_bAfrican Economic Research Consortium,
_cc1996.
300 _a56 p. :
_bill. ;
_c25 cm.
440 0 _aAERC research paper ;
_v44
500 _a"March, 1996."
504 _aIncludes bibliographical references (p. [32]-[33]).
650 0 _aIntergovernmental fiscal relations
_zNigeria.
650 0 _aGrants-in-aid
_zNigeria.
650 0 _aTransfer payments
_zNigeria.
650 0 _aFiscal policy
_zNigeria.
700 1 _aNdebbio, John E. Udo.
906 _a7
_bcbc
_corigode
_d3
_encip
_f19
_gy-gencatlg
942 _2ddc
_cBK
999 _c2356
_d2356